Sports Quiz

Random Sports or Football Quiz

Super Bowl Rematches Quiz Stats

 Plays Quiz not verified by Sporcle

Challenge
Share
Tweet
Embed
Score 0/9 Timer 04:00
0 Plays Today
Team % Correct
Cowboys
100%
Giants
100%
Patriots
100%
Steelers
96.2%
49ers
96.2%
Dolphins
92.3%
Bengals
92.3%
Bills
92.3%
Redskins
84.6%

You're not logged in!

Compare scores with friends on all Sporcle quizzes.
Join for Free
OR
Log In

You Might Also Like...

Show Comments

Extras

Created Jan 28, 2012ReportNominate
Tags:Football Quiz, Super Bowl

Top Quizzes Today


Score Distribution

Your Account Isn't Verified!

In order to create a playlist on Sporcle, you need to verify the email address you used during registration. Go to your Sporcle Settings to finish the process.

Report this User

Report this user for behavior that violates our Community Guidelines.

Details: